| 000 | 00651cam a2200193 i 4500 | ||
|---|---|---|---|
| 020 |
_a0273361864 : _a0273361910 |
||
| 082 | 0 | 0 |
_a620.112 _bWAR |
| 100 | 1 |
_aBenham, P. P. _940905 |
|
| 245 | 1 | 0 |
_aMechanics of solids and strength of materials _c[by] P. P. Benham and F. V. Warnock. |
| 260 |
_aLondon : _bPitman, _c1965. |
||
| 300 |
_axx, 592, 16 p. : _bill. ; _c23 cm. |
||
| 526 |
_a0 _b0 _c0 _d620_112000000000000_WAR |
||
| 526 |
_a0 _b0 _c0 _d620_112000000000000_WAR |
||
| 650 | 0 |
_aMCE _9379 |
|
| 650 | 0 |
_aStrength of materials. _9563 |
|
| 650 | 0 |
_aStructural analysis (Engineering) _9654 |
|
| 700 | 1 |
_aWarnock, Frederick Victor, _950175 |
|
| 942 |
_2ddc _cBK |
||
| 999 |
_c552904 _d552904 |
||